E-business v cestovnom ruchu

Elektronické podnikanie ako predpoklad zvyšovania konkurencieschopnosti podnikov v globalizujúcom sa svete, jeho podiel na obchodných transakciách vo svete a vo vybraných krajinách EÚ z hľadiska sektora cestovného ruchu. Súčasný stav a využitie elektronického podnikania na Slovensku.

Guardado en:
Detalles Bibliográficos
Autor principal: Benešová, Dana, 1958-
Formato: Capítulo de libro
Lenguaje:eslovaco
Materias:
Etiquetas: Agregar Etiqueta
Sin Etiquetas, Sea el primero en etiquetar este registro!

MARC

LEADER 00000naa$a2200000$$$4500
001 0012085
005 20240502071357.5
041 0 |a slo 
044 |a SK 
245 1 0 |a E-business v cestovnom ruchu  |c aut. Dana Benešová 
520 |a Elektronické podnikanie ako predpoklad zvyšovania konkurencieschopnosti podnikov v globalizujúcom sa svete, jeho podiel na obchodných transakciách vo svete a vo vybraných krajinách EÚ z hľadiska sektora cestovného ruchu. Súčasný stav a využitie elektronického podnikania na Slovensku. 
610 2 0 |a podnikanie obchodné 
610 2 0 |a obchod elektronický 
610 2 0 |a podnikanie elektronické 
610 2 0 |a ruch cestovný 
610 2 0 |a podnik virtuálny 
610 2 0 |a technológie informačné 
610 2 0 |a technológie komunikačné 
610 2 0 |a Slovensko 
610 2 0 |a výhody konkurenčné 
100 1 |a Benešová, Dana, 1958-